[Event "Titled Tuesday intern op 24th May Early"]
[Site "Chess.com INT"]
[Date "2022.05.24"]
[Round "3"]
[White "Araujo Filho, Luiz Antonio"]
[Black "Ambartsumova, Karina"]
[Result "1-0"]
[WhiteElo "2089"]
[BlackElo "2386"]
[PlyCount "133"]
[EventDate "2022.05.24"]
[EventType "swiss (blitz)"]
[EventRounds "11"]
[EventCountry "USA"]
[SourceTitle "EXT 2023"]
[Source "ChessBase"]
[SourceDate "2022.10.05"]
[SourceVersion "1"]
[SourceVersionDate "2022.10.05"]
[SourceQuality "1"]

1. d4 Nf6 2. Nf3 g6 3. c4 Bg7 4. Nc3 0-0 5. e4 d6 6. Be2 e5 7. dxe5 dxe5 8. 0-0 Qe7 9. Qc2 c6 10. Rd1 a5 11. Na4 Bg4 12. h3 Bxf3 13. Bxf3 Nbd7 14. Be3 b5 15. Nb6 Nxb6 16. Bxb6 Rfb8 17. Be3 b4 18. Rd2 Nd7 19. Rad1 Nc5 20. Rd6 Ne6 21. Rxc6 Rc8 22. Rxc8+ Rxc8 23. b3 Nd4 24. Bxd4 exd4 25. Qd3 Qc5 26. g3 h5 27. Kg2 Be5 28. Be2 Rd8 29. f4 Bg7 30. Bf3 f6 31. e5 fxe5 32. Qxg6 exf4 33. Bd5+ Kh8 34. Be4 Kg8 35. gxf4 Kf8 36. Bd5 Rxd5 37. cxd5 Qxd5+ 38. Kh2 Qf3 39. Rg1 Qxf4+ 40. Kh1 Qf3+ 41. Qg2 Qxg2+ 42. Rxg2 Be5 43. Rd2 Ke7 44. Kg2 Ke6 45. Kf3 Kd5 46. Rg2 h4 47. Ke2 Ke4 48. Rg4+ Bf4 49. Rxh4 d3+ 50. Kd1 Ke3 51. Rxf4 Kxf4 52. Kd2 Kg3 53. Kxd3 Kxh3 54. Kc4 Kg4 55. Kb5 Kf3 56. Kxa5 Ke3 57. Kxb4 Kd3 58. a4 Kc2 59. a5 Kb2 60. a6 Kb1 61. a7 Kb2 62. a8Q Kb1 63. Qb7 Kb2 64. Kc4 Kb1 65. b4 Kb2 66. Qg2+ Kb1 67. b5 1-0